[Event "Gibtelecom Masters 1st"]
[Site "Gibraltar"]
[Date "2003.02.02"]
[Round "6"]
[White "Radovanovic, Jovica"]
[Black "Sedgwick, David"]
[Result "1-0"]
[WhiteElo "2280"]
[BlackElo "2082"]
[PlyCount "119"]
[EventDate "2003.01.28"]
[EventType "swiss"]
[EventRounds "10"]
[EventCountry "GGB"]
[SourceTitle "BritBase"]
[Source "www.saund.co.uk"]
[SourceDate "2018.02.10"]
[SourceVersion "1"]
[SourceVersionDate "2018.02.10"]
[SourceQuality "1"]

1. e4 e6 2. d4 d5 3. Nc3 Nf6 4. Bg5 Be7 5. e5 Nfd7 6. Bxe7 Qxe7 7. f4 O-O 8.
Nf3 c5 9. dxc5 Nxc5 10. Bd3 f6 11. O-O Nc6 12. Qe2 Bd7 13. Rae1 fxe5 14. Nxe5
Nxe5 15. Qxe5 Qf6 16. Rf2 Rac8 17. Bf1 Qh6 18. b4 Na4 19. Nxd5 Rf7 20. Ne3 Qh4
21. Bc4 Re8 22. Rd1 Nb6 23. Bb3 Qf6 24. Ng4 Qg6 25. Qe2 Qf5 26. Ne5 Rfe7 27. c4
Ba4 28. Qe3 Bxb3 29. axb3 Qf8 30. Rfd2 Rc7 31. b5 Qe7 32. Rd6 Nd5 33. R6xd5
exd5 34. Rxd5 Rd8 35. Rxd8+ Qxd8 36. Qxa7 Re7 37. h4 g6 38. Qe3 Qd1+ 39. Kh2
Qh5 40. Kg3 Qf5 41. Qd4 Qe6 42. b4 b6 43. Kh2 Qf6 44. Qd5+ Kg7 45. Kg3 Ra7 46.
c5 bxc5 47. bxc5 Ra3+ 48. Nf3 Qc3 49. c6 Qe1+ 50. Kh2 Rxf3 51. Qxf3 Qxh4+ 52.
Kg1 Qe1+ 53. Qf1 Qe3+ 54. Kh1 Qc5 55. Qa1+ Kg8 56. Qe5 Qc1+ 57. Kh2 Qa3 58. c7
Qf8 59. b6 Qh6+ 60. Kg1 1-0

[Event "Gibtelecom Masters 1st"]
[Site "Gibraltar"]
[Date "2003.02.02"]
[Round "6"]
[White "Sending, Staale"]
[Black "White, Kevin"]
[Result "1-0"]
[WhiteElo "2119"]
[BlackElo "2053"]
[PlyCount "71"]
[EventDate "2003.01.28"]
[EventType "swiss"]
[EventRounds "10"]
[EventCountry "GGB"]
[SourceTitle "BritBase"]
[Source "www.saund.co.uk"]
[SourceDate "2018.02.10"]
[SourceVersion "1"]
[SourceVersionDate "2018.02.10"]
[SourceQuality "1"]

1. e4 c5 2. Nf3 d6 3. d4 cxd4 4. Nxd4 Nf6 5. Nc3 g6 6. Be3 Bg7 7. f3 O-O 8. Qd2
Nc6 9. O-O-O Bd7 10. g4 Nxd4 11. Bxd4 Be6 12. Kb1 Rb8 13. h4 b5 14. h5 b4 15.
Nd5 Bxd5 16. exd5 Qa5 17. hxg6 fxg6 18. Bc4 Rf7 19. Rh3 Rc8 20. b3 Nd7 21. Bxg7
Rxg7 22. Qe2 Nf8 23. f4 Qa3 24. Rd4 Rc5 25. Re4 Ra5 26. c3 bxc3 27. Rxc3 Qb4
28. Rce3 Rf7 29. f5 Nd7 30. Rxe7 Rxe7 31. Rxe7 Ne5 32. fxg6 hxg6 33. Qf2 Qb8
34. Qh4 Nf7 35. Qf6 Qf8 36. Rxf7 1-0

[Event "Gibtelecom Masters 1st"]
[Site "Gibraltar"]
[Date "2003.02.02"]
[Round "6"]
[White "Straub, Peter"]
[Black "Gayson, Peter"]
[Result "1-0"]
[WhiteElo "2112"]
[BlackElo "2257"]
[PlyCount "65"]
[EventDate "2003.01.28"]
[EventType "swiss"]
[EventRounds "10"]
[EventCountry "GGB"]
[SourceTitle "BritBase"]
[Source "www.saund.co.uk"]
[SourceDate "2018.02.10"]
[SourceVersion "1"]
[SourceVersionDate "2018.02.10"]
[SourceQuality "1"]

1. e4 c5 2. Nf3 e6 3. c4 Nc6 4. d4 cxd4 5. Nxd4 d6 6. Nc3 Nf6 7. Be2 Be7 8. O-O
O-O 9. Be3 a6 10. f3 Bd7 11. Qd2 Rc8 12. Rfd1 Qc7 13. Rac1 Qb8 14. Bf1 Rfd8 15.
Qf2 Ne5 16. b3 Be8 17. Kh1 h6 18. a4 Nfd7 19. h3 Nc6 20. Qg3 Nxd4 21. Bxd4 Bf6
22. Be3 Nc5 23. Bxh6 d5 24. Bf4 e5 25. Bh6 Nxb3 26. exd5 Nxc1 27. Ne4 Rd6 28.
Nxf6+ Kf8 29. Qxg7+ Ke7 30. Qf8+ Kxf6 31. f4 e4 32. Bg5+ Kg6 33. Qh6+ 1-0

[Event "Gibtelecom Masters 1st"]
[Site "Gibraltar"]
[Date "2003.02.02"]
[Round "6"]
[White "Sulskis, Sarunas"]
[Black "Kotronias, Vasilios"]
[Result "0-1"]
[WhiteElo "2567"]
[BlackElo "2573"]
[PlyCount "56"]
[EventDate "2003.01.28"]
[EventType "swiss"]
[EventRounds "10"]
[EventCountry "GGB"]
[SourceTitle "BritBase"]
[Source "www.saund.co.uk"]
[SourceDate "2018.02.10"]
[SourceVersion "1"]
[SourceVersionDate "2018.02.10"]
[SourceQuality "1"]

1. e4 c6 2. c4 d5 3. cxd5 cxd5 4. exd5 Nf6 5. Qa4+ Nbd7 6. Nc3 g6 7. g3 Bg7 8.
Bg2 O-O 9. Nge2 Nb6 10. Qb3 Bf5 11. d3 Bxd3 12. Be3 Ng4 13. Bf4 Bc4 14. Qd1 Ne5
15. Be4 f5 16. Bxe5 Bxe5 17. Bf3 Qd6 18. Qd2 Rac8 19. Rd1 Ba6 20. b3 e6 21. Na4
Nxd5 22. O-O Rfd8 23. Rfe1 Kg7 24. Qa5 Qc7 25. Qxc7+ Rxc7 26. Nd4 Kf6 27. Nxe6
Kxe6 28. Bg2 Rd6 0-1

[Event "Gibtelecom Masters 1st"]
[Site "Gibraltar"]
[Date "2003.02.02"]
[Round "6"]
[White "Wohl, Aleksandar H"]
[Black "Thompson, Ian"]
[Result "0-1"]
[WhiteElo "2415"]
[BlackElo "2256"]
[PlyCount "120"]
[EventDate "2003.01.28"]
[EventType "swiss"]
[EventRounds "10"]
[EventCountry "GGB"]
[SourceTitle "BritBase"]
[Source "www.saund.co.uk"]
[SourceDate "2018.02.10"]
[SourceVersion "1"]
[SourceVersionDate "2018.02.10"]
[SourceQuality "1"]

1. e4 e6 2. d4 d5 3. Nc3 Bb4 4. e5 Ne7 5. Nf3 c5 6. dxc5 Nbc6 7. Bd3 d4 8. a3
Ba5 9. b4 Nxb4 10. axb4 Bxb4 11. O-O Bxc3 12. Rb1 h6 13. Nd2 Bxd2 14. Bxd2 Bd7
15. Rxb7 Bc6 16. Rb4 Qd5 17. Qg4 Rd8 18. Re1 g5 19. f3 Qxc5 20. Rc4 Qb6 21. Ra1
Rd5 22. Rb4 Qc7 23. Rab1 Qxe5 24. Rb8+ Kd7 25. Rxh8 Qxh8 26. Ra1 Nc8 27. f4 Bb5
28. Qh5 Qg7 29. Be4 d3 30. c3 Rd6 31. h4 f5 32. hxg5 hxg5 33. Bb7 g4 34. Rb1
Bc6 35. Qh4 Nb6 36. Bxc6+ Rxc6 37. Qf2 Kc7 38. c4 Rxc4 39. Be3 Rc6 40. Bd4 Qd7
41. Qe3 Qd5 42. Qxd3 Kb7 43. Rd1 Qc4 44. Qa3 Rc7 45. Qe3 Rd7 46. Kh2 Qd5 47.
Kg3 Rc7 48. Bxb6 Qxd1 49. Bxc7 Kxc7 50. Qxa7+ Kd8 51. Kh4 Qd7 52. Qb6+ Ke7 53.
Kg5 Kf7 54. Qb2 Qd8+ 55. Kh5 Qe7 56. Qe5 Qf6 57. Qc7+ Kg8 58. g3 Qf7+ 59. Qxf7+
Kxf7 60. Kg5 Kg7 0-1

[Event "Gibtelecom Masters 1st"]
[Site "Gibraltar"]
[Date "2003.02.03"]
[Round "7"]
[White "Agdestein, Simen"]
[Black "Bellon Lopez, Juan Manuel"]
[Result "1-0"]
[WhiteElo "2578"]
[BlackElo "2428"]
[PlyCount "69"]
[EventDate "2003.01.28"]
[EventType "swiss"]
[EventRounds "10"]
[EventCountry "GGB"]
[SourceTitle "BritBase"]
[Source "www.saund.co.uk"]
[SourceDate "2018.02.10"]
[SourceVersion "1"]
[SourceVersionDate "2018.02.10"]
[SourceQuality "1"]

1. d4 Nf6 2. c4 c5 3. Nf3 cxd4 4. Nxd4 g6 5. Nc3 Bg7 6. e4 O-O 7. Be2 Nc6 8.
Nc2 b6 9. Bg5 Bb7 10. O-O Rc8 11. Ne3 Nd4 12. Ned5 Nxe2+ 13. Qxe2 e6 14. Nxf6+
Bxf6 15. Bxf6 Qxf6 16. Rfd1 Rfd8 17. Nb5 Qe5 18. Nd6 Rc7 19. Qd2 a5 20. f4 Qc5+
21. Kh1 f6 22. Rac1 Rf8 23. b3 Bc6 24. Rc3 Ra7 25. Rg3 Kg7 26. Qb2 Raa8 27. a3
Kg8 28. e5 b5 29. exf6 bxc4 30. bxc4 a4 31. h3 Qh5 32. Rdd3 h6 33. Rg4 Rfb8 34.
f7+ Kf8 35. Qh8+ 1-0

[Event "Gibtelecom Masters 1st"]
[Site "Gibraltar"]
[Date "2003.02.03"]
[Round "7"]
[White "Bick, John"]
[Black "Zak, Uriel"]
[Result "1/2-1/2"]
[WhiteElo "2296"]
[BlackElo "2341"]
[PlyCount "75"]
[EventDate "2003.01.28"]
[EventType "swiss"]
[EventRounds "10"]
[EventCountry "GGB"]
[SourceTitle "BritBase"]
[Source "www.saund.co.uk"]
[SourceDate "2018.02.10"]
[SourceVersion "1"]
[SourceVersionDate "2018.02.10"]
[SourceQuality "1"]

1. d4 d5 2. c4 e6 3. Nc3 c5 4. cxd5 exd5 5. Nf3 Nc6 6. g3 c4 7. Bg2 Bb4 8. O-O
Nge7 9. a3 Ba5 10. b4 Bc7 11. Bb2 O-O 12. Rc1 f5 13. e3 a6 14. Rc2 b5 15. Rd2
Rb8 16. Ne1 a5 17. Nc2 Be6 18. Qb1 axb4 19. axb4 Bd6 20. Ba3 Qd7 21. Re1 g5 22.
Qc1 g4 23. f3 gxf3 24. Bxf3 Nd8 25. Rf2 Nf7 26. Ref1 Ng5 27. Bg2 Ne4 28. Bxe4
fxe4 29. Rxf8+ Rxf8 30. Rxf8+ Kxf8 31. Ne1 Kg7 32. Qd2 Ng6 33. Ng2 h5 34. Qe1
Bb8 35. Bb2 Bg4 36. Nf4 Bxf4 37. gxf4 h4 38. Kf2 1/2-1/2

[Event "Gibtelecom Masters 1st"]
[Site "Gibraltar"]
[Date "2003.02.03"]
[Round "7"]
[White "Campora, Daniel"]
[Black "Hamdouchi, Hichem"]
[Result "1/2-1/2"]
[WhiteElo "2505"]
[BlackElo "2615"]
[PlyCount "101"]
[EventDate "2003.01.28"]
[EventType "swiss"]
[EventRounds "10"]
[EventCountry "GGB"]
[SourceTitle "BritBase"]
[Source "www.saund.co.uk"]
[SourceDate "2018.02.10"]
[SourceVersion "1"]
[SourceVersionDate "2018.02.10"]
[SourceQuality "1"]

1. e4 c5 2. Nf3 d6 3. d4 Nf6 4. dxc5 Qa5+ 5. c3 Qxc5 6. Na3 Nbd7 7. Be3 Qc7 8.
Qa4 a6 9. Bd3 e6 10. O-O Be7 11. c4 Ng4 12. Bf4 O-O 13. Be2 Nc5 14. Qc2 e5 15.
Bg3 Nf6 16. Nd2 Ne6 17. Rae1 Nd4 18. Qb1 Nxe2+ 19. Rxe2 Be6 20. Re3 Nh5 21. Rc3
g6 22. Qd1 Ng7 23. Kh1 f5 24. f3 Nh5 25. Bf2 Nf6 26. Qe2 Rf7 27. Nc2 fxe4 28.
Nxe4 Nxe4 29. fxe4 Raf8 30. Ne3 Bd8 31. Bg1 Rxf1 32. Nxf1 Qc6 33. a3 Bb6 34.
Bxb6 Qxb6 35. Rf3 Rf4 36. Rxf4 exf4 37. h4 Qd4 38. b3 Qe5 39. a4 Kg7 40. Qd3
Bg4 41. Nd2 Qf6 42. Kg1 Kh6 43. Qd5 Bd1 44. a5 Be2 45. Kf2 Bg4 46. g3 fxg3+ 47.
Kxg3 Bd7 48. b4 Qc3+ 49. Kf4 Qf6+ 50. Kg3 Qc3+ 51. Kf4 1/2-1/2

[Event "Gibtelecom Masters 1st"]
[Site "Gibraltar"]
[Date "2003.02.03"]
[Round "7"]
[White "Giddins, Stephen"]
[Black "Wohl, Aleksandar H"]
[Result "1/2-1/2"]
[WhiteElo "2242"]
[BlackElo "2415"]
[PlyCount "45"]
[EventDate "2003.01.28"]
[EventType "swiss"]
[EventRounds "10"]
[EventCountry "GGB"]
[SourceTitle "BritBase"]
[Source "www.saund.co.uk"]
[SourceDate "2018.02.10"]
[SourceVersion "1"]
[SourceVersionDate "2018.02.10"]
[SourceQuality "1"]

1. e4 Nf6 2. e5 Nd5 3. d4 d6 4. c4 Nb6 5. exd6 exd6 6. Nc3 Nc6 7. Be3 Be7 8. h3
O-O 9. Nf3 Re8 10. Be2 Bf6 11. O-O Bf5 12. b3 d5 13. c5 Nc8 14. Qd2 h6 15. Rac1
N8e7 16. Rfd1 Be4 17. g4 Qd7 18. Ne5 Bxe5 19. dxe5 Qe6 20. f3 Bh7 21. f4 d4 22.
Bxd4 Rad8 23. Qe3 1/2-1/2

[Event "Gibtelecom Masters 1st"]
[Site "Gibraltar"]
[Date "2003.02.03"]
[Round "7"]
[White "Guerrero, Carlos"]
[Black "Tissir, Mohamed"]
[Result "0-1"]
[WhiteElo "2073"]
[BlackElo "2366"]
[PlyCount "54"]
[EventDate "2003.01.28"]
[EventType "swiss"]
[EventRounds "10"]
[EventCountry "GGB"]
[SourceTitle "BritBase"]
[Source "www.saund.co.uk"]
[SourceDate "2018.02.10"]
[SourceVersion "1"]
[SourceVersionDate "2018.02.10"]
[SourceQuality "1"]

1. e4 c5 2. Nf3 d6 3. c4 e5 4. Nc3 Nc6 5. g3 g6 6. Bg2 Bg7 7. O-O Nge7 8. d3
O-O 9. Ne1 Rb8 10. f4 a6 11. fxe5 Nxe5 12. Nf3 Bg4 13. Qc2 Bxf3 14. Bxf3 N7c6
15. Qd1 Nxf3+ 16. Qxf3 b5 17. cxb5 axb5 18. Nd5 f5 19. Rb1 fxe4 20. Qxe4 Rxf1+
21. Kxf1 Qd7 22. Kg1 Re8 23. Qf3 Nd4 24. Nf6+ Bxf6 25. Qxf6 Re1+ 26. Kg2 Re2+
27. Kg1 Qb7 0-1

[Event "Gibtelecom Masters 1st"]
[Site "Gibraltar"]
[Date "2003.02.03"]
[Round "7"]
[White "Korneev, Oleg"]
[Black "Cherniaev, Alexander"]
[Result "1/2-1/2"]
[WhiteElo "2613"]
[BlackElo "2504"]
[PlyCount "89"]
[EventDate "2003.01.28"]
[EventType "swiss"]
[EventRounds "10"]
[EventCountry "GGB"]
[SourceTitle "BritBase"]
[Source "www.saund.co.uk"]
[SourceDate "2018.02.10"]
[SourceVersion "1"]
[SourceVersionDate "2018.02.10"]
[SourceQuality "1"]

1. e4 c5 2. Nf3 Nc6 3. d4 cxd4 4. Nxd4 Nf6 5. Nc3 e5 6. Ndb5 d6 7. Bg5 a6 8.
Na3 b5 9. Nd5 Be7 10. Bxf6 Bxf6 11. c3 Bg5 12. Nc2 Ne7 13. Ncb4 O-O 14. a4 bxa4
15. Qxa4 Nxd5 16. Nxd5 Bd7 17. Qc2 a5 18. Bc4 Bc6 19. O-O Qb8 20. Ra3 Qb7 21.
Rfa1 a4 22. Re1 Ra5 23. Qe2 Bd8 24. Raa1 g6 25. Kh1 Kg7 26. Rad1 a3 27. b4 Ra7
28. f3 Bxd5 29. Bxd5 Qc8 30. Qc2 Bb6 31. Qb3 Qd8 32. Qc2 Qg5 33. Ba2 Rc8 34.
Rxd6 Bd4 35. c4 Qe7 36. Rxd4 exd4 37. c5 Rb8 38. Qd2 Ra4 39. Qxd4+ Kg8 40. Rb1
Qd8 41. Qc4 Raxb4 42. Qxf7+ Kh8 43. Rg1 R4b7 44. Qc4 Qf6 45. h3 1/2-1/2

[Event "Gibtelecom Masters 1st"]
[Site "Gibraltar"]
[Date "2003.02.03"]
[Round "7"]
[White "Ledger, David"]
[Black "Radovanovic, Jovica"]
[Result "1-0"]
[WhiteElo "2267"]
[BlackElo "2280"]
[PlyCount "49"]
[EventDate "2003.01.28"]
[EventType "swiss"]
[EventRounds "10"]
[EventCountry "GGB"]
[SourceTitle "BritBase"]
[Source "www.saund.co.uk"]
[SourceDate "2018.02.10"]
[SourceVersion "1"]
[SourceVersionDate "2018.02.10"]
[SourceQuality "1"]

1. e4 c5 2. Nc3 Nc6 3. g3 g6 4. d3 Bg7 5. Be3 d6 6. Qd2 Rb8 7. Bg2 Nd4 8. Nd1
e5 9. f4 Ne7 10. c3 Ndc6 11. Nf3 exf4 12. Bxf4 Ne5 13. O-O O-O 14. Nf2 f5 15.
Rae1 fxe4 16. Nxe4 Bg4 17. Nxe5 dxe5 18. Bg5 Qc7 19. Nf6+ Bxf6 20. Bxf6 Rbd8
21. Qg5 Rxf6 22. Qxf6 Bf5 23. Rxe5 Nc6 24. Re8+ Rxe8 25. Bd5+ 1-0

[Event "Gibtelecom Masters 1st"]
[Site "Gibraltar"]
[Date "2003.02.03"]
[Round "7"]
[White "Luther, Thomas"]
[Black "Bellin, Robert"]
[Result "1-0"]
[WhiteElo "2575"]
[BlackElo "2360"]
[PlyCount "225"]
[EventDate "2003.01.28"]
[EventType "swiss"]
[EventRounds "10"]
[EventCountry "GGB"]
[SourceTitle "BritBase"]
[Source "www.saund.co.uk"]
[SourceDate "2018.02.10"]
[SourceVersion "1"]
[SourceVersionDate "2018.02.10"]
[SourceQuality "1"]

1. e4 e5 2. Nf3 Nf6 3. Nxe5 d6 4. Nf3 Nxe4 5. d4 Be7 6. Bd3 Nf6 7. h3 O-O 8.
O-O Re8 9. c4 Nbd7 10. Nc3 Nf8 11. Re1 Ng6 12. Qc2 Bd7 13. Bg5 Bc6 14. d5 Bd7
15. Rad1 a6 16. Ne2 Nh5 17. Bc1 Qc8 18. Ned4 c5 19. dxc6 bxc6 20. Nf5 Bxf5 21.
Bxf5 Qc7 22. Qa4 Nf6 23. Nd4 c5 24. Nc6 Ne5 25. Nxe7+ Qxe7 26. Re3 Qc7 27. Qc2
g6 28. Bd3 d5 29. cxd5 Nxd5 30. Bxg6 Nxe3 31. Bxh7+ Kg7 32. Bxe3 Ng6 33. Bxg6
fxg6 34. Bxc5 Kh7 35. b4 Re6 36. Qd2 Rae8 37. Qd7+ Qxd7 38. Rxd7+ Kg8 39. a4
Rc6 40. a5 Ree6 41. g3 Re8 42. h4 Rec8 43. Bb6 Ra8 44. Kg2 Kf8 45. Bc5+ Ke8 46.
Rh7 Rac8 47. Re7+ Kd8 48. Ra7 Ke8 49. Bb6 Rc4 50. Rxa6 Rxb4 51. Ra7 Rc6 52. Rh7
Ra4 53. h5 gxh5 54. Rxh5 Kf7 55. Rh7+ Kg6 56. Rd7 Ra3 57. Kh3 Rc4 58. Rd6+ Kf7
59. Rd5 Ke6 60. Rb5 Kf7 61. Kg2 Kg6 62. Rb2 Kf5 63. Re2 Rca4 64. Re8 Rc4 65.
Rf8+ Kg6 66. Kh3 Kg7 67. Ra8 Rca4 68. Rc8 Kg6 69. Kg2 Kf5 70. f3 Ra1 71. g4+
Ke6 72. Re8+ Kf7 73. Re5 Rb1 74. Re3 Kf6 75. Rd3 Ke6 76. Kg3 Rba1 77. Re3+ Kf7
78. Re5 Kg6 79. Re6+ Kf7 80. Rc6 R1a3 81. g5 Rd3 82. Bc7 Re3 83. Rf6+ Kg8 84.
Rg6+ Kf7 85. Rf6+ Kg8 86. Rf5 Rc3 87. Bb6 Rb3 88. Rf4 Ra2 89. Kg4 Rg2+ 90. Kh5
Rb5 91. Rg4 Rxg4 92. Kxg4 Kf7 93. f4 Kg6 94. Bc7 Rb4 95. Be5 Ra4 96. Bc3 Ra3
97. Be1 Ra4 98. Bd2 Rd4 99. Bc3 Rc4 100. Be5 Ra4 101. Bc7 Rc4 102. Bd6 Ra4 103.
Be5 Rxa5 104. f5+ Kf7 105. g6+ Kg8 106. Kf4 Ra4+ 107. Kg5 Ra5 108. Kf6 Ra6+
109. Ke7 Ra7+ 110. Ke6 Ra6+ 111. Kd5 Ra5+ 112. Ke4 Ra4+ 113. Bd4 1-0

[Event "Gibtelecom Masters 1st"]
[Site "Gibraltar"]
[Date "2003.02.03"]
[Round "7"]
[White "McNab, Colin"]
[Black "Ledger, Stephen"]
[Result "1/2-1/2"]
[WhiteElo "2423"]
[BlackElo "2172"]
[PlyCount "101"]
[EventDate "2003.01.28"]
[EventType "swiss"]
[EventRounds "10"]
[EventCountry "GGB"]
[SourceTitle "BritBase"]
[Source "www.saund.co.uk"]
[SourceDate "2018.02.10"]
[SourceVersion "1"]
[SourceVersionDate "2018.02.10"]
[SourceQuality "1"]

1. c4 e5 2. Nc3 Nc6 3. Nf3 Nf6 4. g3 Bb4 5. Nd5 Bc5 6. Bg2 d6 7. O-O O-O 8. e3
Bb6 9. d4 Bg4 10. h3 Bxf3 11. Qxf3 exd4 12. Nxb6 axb6 13. exd4 Nxd4 14. Qd3 Nc6
15. b3 Re8 16. Bb2 Re6 17. h4 Ne5 18. Qc3 c6 19. Rfd1 h5 20. Rd4 Qf8 21. a4
Neg4 22. Rad1 Rae8 23. Rf4 Qe7 24. Bf3 Ne5 25. Kg2 Nxf3 26. Rxf3 Re2 27. Ba1
Rd8 28. Rdd3 Qe4 29. Rd4 Qg6 30. Rdf4 Rd7 31. Rf5 d5 32. Qd3 Re6 33. Rg5 Qxd3
34. Rxd3 g6 35. Bxf6 Rxf6 36. cxd5 c5 37. Re5 Rfd6 38. Kf3 f6 39. Re8+ Kf7 40.
Rb8 f5 41. Ke3 Kf6 42. f4 Rxd5 43. Rxd5 Rxd5 44. Rxb7 Rd6 45. Rc7 Ke6 46. Rg7
Kf6 47. Rb7 Ke6 48. Rc7 Kf6 49. a5 bxa5 50. Rxc5 Rb6 51. Rxa5 1/2-1/2

[Event "Gibtelecom Masters 1st"]
[Site "Gibraltar"]
[Date "2003.02.03"]
[Round "7"]
[White "Medvegy, Nora"]
[Black "Plaskett, James"]
[Result "0-1"]
[WhiteElo "2376"]
[BlackElo "2467"]
[PlyCount "81"]
[EventDate "2003.01.28"]
[EventType "swiss"]
[EventRounds "10"]
[EventCountry "GGB"]
[SourceTitle "BritBase"]
[Source "www.saund.co.uk"]
[SourceDate "2018.02.10"]
[SourceVersion "1"]
[SourceVersionDate "2018.02.10"]
[SourceQuality "1"]

1. e4 c5 2. Nf3 d6 3. d4 cxd4 4. Nxd4 Nf6 5. Nc3 e6 6. g4 h6 7. h4 Nc6 8. Rg1
d5 9. Bb5 Bd7 10. exd5 Nxd5 11. Nxd5 exd5 12. Qe2+ Be7 13. Nf5 Bxf5 14. gxf5
Kf8 15. Be3 d4 16. O-O-O Qb6 17. Bf4 Bf6 18. Bd6+ Kg8 19. Bc4 Qxb2+ 20. Kxb2
d3+ 21. Qe5 Nxe5 22. Bxe5 Bxe5+ 23. Kb3 dxc2 24. Rd7 Kh7 25. Kxc2 Rhc8 26. Kb3
b5 27. Bxf7 a5 28. Rd3 Bf6 29. Rg4 a4+ 30. Ka3 b4+ 31. Kxb4 Be7+ 32. Kb5 Rab8+
33. Kxa4 Rb7 34. Rd5 Bd8 35. Bg6+ Kg8 36. Rb4 Ra7+ 37. Kb3 Be7 38. Rbb5 Ra3+
39. Kb2 Rf3 40. h5 Ba3+ 41. Ka1 0-1

[Event "Gibtelecom Masters 1st"]
[Site "Gibraltar"]
[Date "2003.02.03"]
[Round "7"]
[White "Schmitz, Manuela"]
[Black "Lund, Frode Ryan"]
[Result "1-0"]
[WhiteElo "2111"]
[BlackElo "2103"]
[PlyCount "89"]
[EventDate "2003.01.28"]
[EventType "swiss"]
[EventRounds "10"]
[EventCountry "GGB"]
[SourceTitle "BritBase"]
[Source "www.saund.co.uk"]
[SourceDate "2018.02.10"]
[SourceVersion "1"]
[SourceVersionDate "2018.02.10"]
[SourceQuality "1"]

1. d4 d6 2. Nf3 g6 3. e4 Nf6 4. Bd3 Bg7 5. c3 O-O 6. O-O Nbd7 7. Bg5 e5 8. Re1
b6 9. Nbd2 Bb7 10. Qc2 h6 11. Bh4 g5 12. Bg3 Nh5 13. dxe5 dxe5 14. Nf1 Nc5 15.
Bc4 Nf4 16. b4 Nce6 17. Ne3 Qf6 18. Ng4 Qe7 19. Ngxe5 a5 20. Bxf4 Nxf4 21. Ng4
axb4 22. e5 h5 23. Qf5 Bc8 24. Nf6+ Bxf6 25. Qxf6 Qxf6 26. exf6 g4 27. Ng5 bxc3
28. Nxf7 b5 29. Bb3 Rxf7 30. Re8+ Kh7 31. Bxf7 Be6 32. Rxa8 Bxf7 33. Kf1 Kg6
34. Rc8 Bc4+ 35. Ke1 Nd5 36. a3 Kxf6 37. Kd1 Bb3+ 38. Kc1 Ke5 39. g3 Ke4 40.
Rh8 Nf6 41. Rb1 Ba4 42. Rb4+ Kd3 43. Rd8+ Ke2 44. Rf4 Nh7 45. Rf5 1-0

[Event "Gibtelecom Masters 1st"]
[Site "Gibraltar"]
[Date "2003.02.03"]
[Round "7"]
[White "Shaw, John Kerr"]
[Black "Straub, Peter"]
[Result "1-0"]
[WhiteElo "2470"]
[BlackElo "2112"]
[PlyCount "111"]
[EventDate "2003.01.28"]
[EventType "swiss"]
[EventRounds "10"]
[EventCountry "GGB"]
[SourceTitle "BritBase"]
[Source "www.saund.co.uk"]
[SourceDate "2018.02.10"]
[SourceVersion "1"]
[SourceVersionDate "2018.02.10"]
[SourceQuality "1"]

1. e4 c5 2. Nf3 e6 3. c3 Nf6 4. e5 Nd5 5. d4 cxd4 6. cxd4 b6 7. Bd3 f5 8. exf6
Nxf6 9. O-O Be7 10. Nc3 Bb7 11. Bc4 Nc6 12. a3 O-O 13. d5 Na5 14. Ba2 exd5 15.
Nxd5 Nxd5 16. Bxd5+ Kh8 17. Ne5 Bxd5 18. Qxd5 Qe8 19. Bd2 d6 20. Nd3 Qc6 21.
Nb4 Qxd5 22. Nxd5 Nb3 23. Nxe7 Nxd2 24. Rfe1 Nc4 25. b3 Ne5 26. Rad1 Rf7 27.
Nd5 g5 28. Nc3 Re7 29. Nb5 Rd8 30. Nxd6 Rxd6 31. Rxd6 Nf3+ 32. gxf3 Rxe1+ 33.
Kg2 Re7 34. Kg3 Kg7 35. f4 gxf4+ 36. Kxf4 Re2 37. Rd7+ Kg6 38. f3 Rb2 39. b4 a5
40. Rd6+ Kf7 41. Rxb6 axb4 42. axb4 Rxh2 43. b5 Rh4+ 44. Kg5 Rd4 45. f4 h6+ 46.
Kf5 Rd5+ 47. Ke4 Rc5 48. Rb8 h5 49. b6 Rb5 50. b7 Kg7 51. f5 Rb4+ 52. Kd3 Rb3+
53. Ke2 Rb2+ 54. Kf3 Rb6 55. Kg3 Rb3+ 56. Kh4 1-0

[Event "Gibtelecom Masters 1st"]
[Site "Gibraltar"]
[Date "2003.02.03"]
[Round "7"]
[White "Soh, Edmund"]
[Black "Jonkman, Harmen"]
[Result "0-1"]
[WhiteElo "2029"]
[BlackElo "2436"]
[PlyCount "104"]
[EventDate "2003.01.28"]
[EventType "swiss"]
[EventRounds "10"]
[EventCountry "GGB"]
[SourceTitle "BritBase"]
[Source "www.saund.co.uk"]
[SourceDate "2018.02.10"]
[SourceVersion "1"]
[SourceVersionDate "2018.02.10"]
[SourceQuality "1"]

1. e4 e5 2. Nf3 Nc6 3. d4 exd4 4. Bc4 Nf6 5. O-O Nxe4 6. Re1 d5 7. Bxd5 Qxd5 8.
Nc3 Qa5 9. Nxe4 Be6 10. Neg5 O-O-O 11. Nxe6 fxe6 12. Rxe6 h6 13. Bd2 Qf5 14.
Qe2 Bd6 15. Qe4 Rhf8 16. Re1 Qh5 17. h3 a6 18. Qg4 Qxg4 19. hxg4 Rf7 20. a3 Bf8
21. Ne5 Nxe5 22. R1xe5 Kd7 23. Rd5+ Kxe6 24. Rxd8 Bd6 25. Re8+ Kd5 26. Kf1 c5
27. Ke2 c4 28. a4 g5 29. f3 Rf6 30. Ba5 Re6+ 31. Rxe6 Kxe6 32. Be1 Kd5 33. Ba5
Kc5 34. Be1 Be5 35. Ba5 d3+ 36. cxd3 Bxb2 37. dxc4 b6 38. Bd2 Kxc4 39. Be3 b5
40. axb5 axb5 41. Kd2 Bc3+ 42. Kc2 Be5 43. Bd2 b4 44. Bxb4 Kxb4 45. Kd3 Bf4 46.
Kd4 Kb3 47. Kd3 Kb2 48. Ke2 Kc2 49. Kf2 Kd3 50. g3 Be3+ 51. Kg2 Ke2 52. f4 Bxf4
0-1

[Event "Gibtelecom Masters 1st"]
[Site "Gibraltar"]
[Date "2003.02.03"]
[Round "7"]
[White "Thompson, Ian"]
[Black "Gyimesi, Zoltan"]
[Result "1/2-1/2"]
[WhiteElo "2256"]
[BlackElo "2585"]
[PlyCount "62"]
[EventDate "2003.01.28"]
[EventType "swiss"]
[EventRounds "10"]
[EventCountry "GGB"]
[SourceTitle "BritBase"]
[Source "www.saund.co.uk"]
[SourceDate "2018.02.10"]
[SourceVersion "1"]
[SourceVersionDate "2018.02.10"]
[SourceQuality "1"]

1. c4 e5 2. g3 c6 3. Bg2 d5 4. cxd5 cxd5 5. d4 exd4 6. Nf3 Bb4+ 7. Nbd2 d3 8.
Ne5 Nc6 9. Nxd3 Ba5 10. O-O Nge7 11. e4 dxe4 12. Nxe4 O-O 13. b3 f5 14. Ng5 h6
15. Nf3 Bc3 16. Bb2 Bxb2 17. Nxb2 Be6 18. Qe2 Bf7 19. Rad1 Nd5 20. Qd2 Qf6 21.
Nd4 Ne5 22. Nc4 Rad8 23. Nxe5 Qxe5 24. Rfe1 Qf6 25. Ne6 Bxe6 26. Rxe6 Qxe6 27.
Bxd5 Rxd5 28. Qxd5 Qf7 29. f4 Rc8 30. Qxf7+ Kxf7 31. Kf2 Rc7 1/2-1/2

[Event "Gibtelecom Masters 1st"]
[Site "Gibraltar"]
[Date "2003.02.03"]
[Round "7"]
[White "Vega, Enrique"]
[Black "Malinarski, Yehuda"]
[Result "1-0"]
[WhiteElo "2115"]
[BlackElo "2199"]
[PlyCount "91"]
[EventDate "2003.01.28"]
[EventType "swiss"]
[EventRounds "10"]
[EventCountry "GGB"]
[SourceTitle "BritBase"]
[Source "www.saund.co.uk"]
[SourceDate "2018.02.10"]
[SourceVersion "1"]
[SourceVersionDate "2018.02.10"]
[SourceQuality "1"]

1. Nf3 Nf6 2. d3 d6 3. g3 e5 4. Bg2 Be7 5. c4 O-O 6. Nc3 h6 7. O-O c5 8. a3 Nc6
9. Rb1 a5 10. Ne1 Be6 11. e4 Nh7 12. Nc2 f5 13. exf5 Bxf5 14. Ne3 Bd7 15. Ned5
Bg5 16. f4 exf4 17. Bxf4 Bxf4 18. Nxf4 g5 19. Bd5+ Kg7 20. Nh5+ Kh8 21. Ne4 Qe7
22. Re1 Rac8 23. Qd2 Ne5 24. Nf2 Rxf2 25. Qxf2 Bg4 26. Nf4 Qg7 27. Ng2 Nf6 28.
Ne3 Nxd5 29. Nxg4 Rf8 30. Qe2 Nf3+ 31. Kg2 Nxe1+ 32. Qxe1 Qg6 33. cxd5 h5 34.
Nf2 Qf5 35. Qe2 c4 36. Re1 h4 37. dxc4 g4 38. Nxg4 h3+ 39. Kg1 Rg8 40. Nf2 Qf7
41. Qe3 Kg7 42. Qd4+ Kh6 43. Qh4+ Kg7 44. Re7 Rf8 45. Qg5+ Kh7 46. Rxf7+ 1-0